000 00327nam a2200145 4500
008 190207s1991||||xo d
100 1 _aBosco Teresio
_9870
245 1 0 _aDon Bosco
260 _bSKS
_aBratislava
_c1991
300 _a407 s.
020 _a80-85405-00-8
_c0
041 1 _aslo
044 _axo
_cSK
958 _aAUL
999 _c22100
_d22100